Trouvez ces groupes angolophones traduit en français! #3 - Statistiques

Statistiques générales
  • Ce quiz a été pris 50 fois
  • Le résultat moyen est 5 sur 15
Statistiques - réponses
Nom traduit Nom original % Correct
Jour vert Green Day
100%
Tête Radio Radiohead
94%
Prêtre de Juda Judas Priest
55%
Sabbat Noir Black Sabbath
51%
Clignoter-182 Blink-182
43%
Balle pour ma Valentine Bullet For My Valentine
43%
Jardinsonore Soundgarden
30%
Jimmy Manger le Monde Jimmy Eat World
19%
Tons Sourds Deftones
17%
Papa Cafard Papa Roach
11%
Sousserment Underoath
2%
TVRRAINS LANDMVRKS
0%
Défilé du Secours Mayday Parade
0%
Tendances Suicidaires Suicidial Tendencies
0%
Bruleur Weezer
0%
Aucun quiz correspondant
Distribution des résultats
% des personnes avec chaque résultat
Percentile par nombre de réponses
Votre historique - résultats
Vous n’avez pas pris ce quiz